000 00389nam a2200157Ia 4500
003 IT-RoPAU
008 120407s9999 xx 000 0 und d
040 _aIT-RoPAU
040 _cIT-RoPAU
100 _aMariangela Maravaglia
245 _aAcli. 50 anni a servizio della Chiesa e della società italiana
260 _aSan Paolo Edizioni
300 _c cm
490 _v1
942 _cBK
999 _c10548
_d10548